000 01080nam a2200277 i 4500
001 44553
003 ES-MaACL
005 20250825102808.0
007 t|
008 030321s1974 sp ||||1| spa d
245 0 0 _aCódigo de comercio
_b: Reglamento del registro mercantil ; Ley de suspensión de pagos y Libro IV del Código de comercio de 1829.
246 _aLey de suspensión de pagos y Libro IV del Código de comercio de 1829.
250 _a10ª ed.
260 _aMadrid :
_bBoletín Oficial del Estado,
_c1974.
300 _a588 p. ;
_c17 cm.
490 1 _aTextos legales ;
_v15
655 0 _aLegislación
_9226283
740 0 2 _aReglamento del registro mercantil.
740 0 2 _aLey de suspensión de pagos.
830 1 _aTextos legales ;
_v15
_9178122
852 4 _aES-MaACL
_jA-16111
_bR.90704
_946219
_cDEPO2
_dOlim: A-5488
852 4 _aES-MaACL
_jG-16110
_bR.90703
_946220
_cDEPO2
_dOlim: A-5489
852 4 _aES-MaACL
_jA-16112
_bR.90705
_946221
_cDEPO2
_dOlim: A-5493
942 _2udc
_cMONOGRAFIA
_n0
999 _c44553
_d44553